ARRUPE JESUIT UNIVERSITY

CORONAVIRUS -STOP THE SPREAD - CLEAN,DISINFECT,COVER

Descent into hell : (Record no. 128537)

MARC details
000 -LEADER
fixed length control field 04272cam a2200589 i 4500
001 - CONTROL NUMBER
control field 18021729
003 - CONTROL NUMBER IDENTIFIER
control field ARRUPE
005 - DATE AND TIME OF LATEST TRANSACTION
control field 20181109123122.0
008 - FIXED-LENGTH DATA ELEMENTS--GENERAL INFORMATION
fixed length control field 140128t20142014meub b 000 0 eng
010 ## - LIBRARY OF CONGRESS CONTROL NUMBER
LC control number 2014931912
020 ## - INTERNATIONAL STANDARD BOOK NUMBER
International Standard Book Number 9781937385279
Qualifying information (Hardcover)
020 ## - INTERNATIONAL STANDARD BOOK NUMBER
International Standard Book Number 1937385272
Qualifying information (Hardcover)
020 ## - INTERNATIONAL STANDARD BOOK NUMBER
International Standard Book Number 9781937385262
Qualifying information (Paperback)
020 ## - INTERNATIONAL STANDARD BOOK NUMBER
International Standard Book Number 1937385264
Qualifying information (Paperback)
035 ## - SYSTEM CONTROL NUMBER
System control number (OCoLC)ocn890759602
040 ## - CATALOGING SOURCE
Original cataloging agency AU@
Language of cataloging eng
Transcribing agency AU@
Description conventions rda
Modifying agency YDXCP
-- BTCTA
-- BDX
-- OCLCO
-- IUL
-- UAB
-- AUM
-- OCLCF
-- CDX
-- UNA
-- GBVCP
-- OCLCQ
-- OCL
-- DLC
041 1# - LANGUAGE CODE
Language code of text/sound track or separate title eng
Language code of original and/or intermediate translations of text jpn
042 ## - AUTHENTICATION CODE
Authentication code lccopycat
043 ## - GEOGRAPHIC AREA CODE
Geographic area code a-ja---
050 00 - LIBRARY OF CONGRESS CALL NUMBER
Classification number PZ3.W67144
Item number D4 1937
082 04 - DEWEY DECIMAL CLASSIFICATION NUMBER
Classification number 940.54252294
Edition number 23
300 ## - PHYSICAL DESCRIPTION
Dimensions 19 cm.
100 ## - MAIN ENTRY--PERSONAL NAME
Personal name Williams, Charles
9 (RLIN) 43342
130 0# - MAIN ENTRY--UNIFORM TITLE
Uniform title Shōgen Okinawa sen.
Language of a work English.
9 (RLIN) 43343
245 10 - TITLE STATEMENT
Title Descent into hell :
Statement of responsibility, etc Charles William
260 ## - PUBLICATION, DISTRIBUTION, ETC. (IMPRINT)
Place of publication, distribution, etc London
Name of publisher, distributor, etc Faber and Faber LTD.
Date of publication, distribution, etc 1937
300 ## - PHYSICAL DESCRIPTION
Extent 222p. :
546 ## - LANGUAGE NOTE
Language note Translated from the Japanese.
730 0# - ADDED ENTRY--UNIFORM TITLE
Uniform title Ryūkyū shinpō.
9 (RLIN) 43344
906 ## - LOCAL DATA ELEMENT F, LDF (RLIN)
a 7
b cbc
c copycat
d 2
e epcn
f 20
g y-gencatlg
942 ## - ADDED ENTRY ELEMENTS (KOHA)
Source of classification or shelving scheme Library of Congress Classification
Koha item type Monograph ( Printed materials)
Holdings
Withdrawn status Lost status Source of classification or shelving scheme Damaged status Not for loan Collection code Home library Current library Shelving location Date acquired Total Checkouts Full call number Barcode Date last seen Price effective from Koha item type
    Library of Congress Classification     Main Collection ARRUPE LIBRARY ARRUPE LIBRARY Main Collection 09/11/2018   PZ3.W67144 D4 1937 46600002492 02/07/2019 09/11/2018 Monograph ( Printed materials)

 

Arrupe Library. PO Box MP320 Mt Pleasant, Harare, Zimbabwe
263 242 745411|librarian@aju.ac.zw